Manual de estadisticas de finanzas publicas 2014 /

La crisis financiera internacional de 2007-09 puso de manifiesto la importancia de las estadisticas fiables y puntuales sobre los sectores publico y del gobierno general. Las estadisticas de finanzas publicas son uno de los fundamentos del analisis fiscal y desempenan un papel vital en la formulacio...

Ausführliche Beschreibung

Bibliographische Detailangaben
1. Verfasser: Clerck, Sage De
Weitere Verfasser: Wickens, Tobias
Format: Zeitschrift
Sprache:English
Veröffentlicht: Washington, D.C. : International Monetary Fund, 2017.
Schriftenreihe:Manuals and Guides
Schlagworte:
Online Zugang:Full text available on IMF
Full text available on IMF
Full text available on IMF
Full text available on IMF
Full text available on IMF
LEADER 02676cas a2200385 a 4500
001 AALejournalIMF022751
008 230101c9999 xx r poo 0 0eng d
020 |c 30.00 USD 
020 |z 9781475592634 
022 |a 2663-3760 
040 |a BD-DhAAL  |c BD-DhAAL 
100 1 |a Clerck, Sage De. 
240 1 0 |a Manual de estadisticas de finanzas publicas 2014.  |l Spanish 
245 1 0 |a Manual de estadisticas de finanzas publicas 2014 /  |c Sage De Clerck, Tobias Wickens. 
264 1 |a Washington, D.C. :  |b International Monetary Fund,  |c 2017. 
300 |a 1 online resource (526 pages) 
490 1 |a Manuals and Guides 
500 |a <strong>Off-Campus Access:</strong> No User ID or Password Required 
500 |a <strong>On-Campus Access:</strong> No User ID or Password Required 
506 |a Electronic access restricted to authorized BRAC University faculty, staff and students 
520 3 |a La crisis financiera internacional de 2007-09 puso de manifiesto la importancia de las estadisticas fiables y puntuales sobre los sectores publico y del gobierno general. Las estadisticas de finanzas publicas son uno de los fundamentos del analisis fiscal y desempenan un papel vital en la formulacion y el seguimiento de programas fiscales solidos y en la supervision de las politicas economicas. El Manual de estadisticas de finanzas publicas 2014 es un importante paso hacia la aclaracion de las normas de compilacion y presentacion de estadisticas fiscales, y respalda el esfuerzo que se esta llevando a cabo a escala mundial para mejora la declaracion de datos y la transparencia del sector publico. 
538 |a Mode of access: Internet 
650 7 |a Computer Programs  |2 imf 
650 7 |a Data Collection and Data Estimation Methodology  |2 imf 
650 7 |a General Financial Markets  |2 imf 
650 7 |a Personal Income and Other Nonbusiness Taxes and Subsidies  |2 imf 
650 7 |a Public Administration  |2 imf 
650 7 |a Public Sector Accounting and Audits  |2 imf 
700 1 |a Wickens, Tobias. 
830 0 |a Manuals and Guides 
856 4 0 |z Full text available on IMF  |u https://elibrary.imf.org/openurl?genre=book&isbn=9781475592634  |z IMF e-Library 
856 4 0 |z Full text available on IMF  |u https://elibrary.imf.org/openurl?genre=book&isbn=9781557753069  |z IMF e-Library 
856 4 0 |z Full text available on IMF  |u https://elibrary.imf.org/openurl?genre=book&isbn=9781557754981  |z IMF e-Library 
856 4 0 |z Full text available on IMF  |u https://elibrary.imf.org/openurl?genre=journal&issn=1934-7685&volume=2007&issue=113  |z IMF e-Library 
856 4 0 |z Full text available on IMF  |u https://elibrary.imf.org/openurl?genre=journal&issn=1934-7685&volume=2007&issue=114  |z IMF e-Library